|
|
|
|
| LEADER |
02730nam a22003853i 4500 |
| 001 |
EBC7101246 |
| 003 |
MiAaPQ |
| 005 |
20240729202204.0 |
| 006 |
m o d | |
| 007 |
cr cnu|||||||| |
| 008 |
240729s2014 xx o ||||0 ger d |
| 020 |
|
|
|a 9783428573080
|q (electronic bk.)
|
| 020 |
|
|
|z 9783428173082
|
| 035 |
|
|
|a (MiAaPQ)EBC7101246
|
| 035 |
|
|
|a (Au-PeEL)EBL7101246
|
| 035 |
|
|
|a (OCoLC)1348483169
|
| 040 |
|
|
|a MiAaPQ
|b eng
|e rda
|e pn
|c MiAaPQ
|d MiAaPQ
|
| 100 |
1 |
|
|a Socialpolitik, Verein für.
|
| 245 |
1 |
0 |
|a Verhandlungen der Am 28. und 29. September 1894 in Wien Abgehaltenen Generalversammlung des Vereins Für Socialpolitik über Die Kartelle und über das ländliche Erbrecht :
|b Auf Grund der Stenographischen Niederschrift Hrsg. Vom Ständigen Ausschuß. (Schriften des Vereins Für Socialpolitik LXI).
|
| 250 |
|
|
|a 1st ed.
|
| 264 |
|
1 |
|a Berlin :
|b Duncker & Humblot,
|c 2014.
|
| 264 |
|
4 |
|c {copy}1895.
|
| 300 |
|
|
|a 1 online resource (549 pages)
|
| 336 |
|
|
|a text
|b txt
|2 rdacontent
|
| 337 |
|
|
|a computer
|b c
|2 rdamedia
|
| 338 |
|
|
|a online resource
|b cr
|2 rdacarrier
|
| 490 |
1 |
|
|a Duncker and Humblot Reprints Series
|
| 505 |
0 |
|
|a Intro -- Inhaltsverzeichnis -- Referate über wirtschaftliche Kartelle und über bäuerliches Erbrecht -- Referat von Wilhelm Stieda -- Referat von Adolf Menzel -- Referat von Dr. Hermes -- Referat von Dr. Karl Grafen Chorinsky -- Erste Sitzung, 28. September 1894 -- Zur Eröffnung -- Referat von Dr. Bücher -- Referat von C. Köckert -- Debatte -- Zweite Sitzung, 29. September 1894 -- Referat von Dr. Thiel -- Referat von Dr. Hainisch -- Debatt -- Anhang I. Sieben Kartellstatuten österreichischer Industrien. Mitgeteilt von Dr. Stephan Bauer -- Anhang II. Das deutsche Buchhändlerkartell. Von Dr. L. Pohle -- Verzeichnis der Redner -- Anwesende Gäste in der Generalversammlung vom 28. und 29. September 1894 -- Verzeichnis der Mitglieder des Vereins für Socialpolitik.
|
| 588 |
|
|
|a Description based on publisher supplied metadata and other sources.
|
| 590 |
|
|
|a Electronic reproduction. Ann Arbor, Michigan : ProQuest Ebook Central, 2024. Available via World Wide Web. Access may be limited to ProQuest Ebook Central affiliated libraries.
|
| 655 |
|
4 |
|a Electronic books.
|
| 776 |
0 |
8 |
|i Print version:
|a Socialpolitik, Verein für
|t Verhandlungen der Am 28. und 29. September 1894 in Wien Abgehaltenen Generalversammlung des Vereins Für Socialpolitik über Die Kartelle und über das ländliche Erbrecht
|d Berlin : Duncker & Humblot,c2014
|z 9783428173082
|
| 797 |
2 |
|
|a ProQuest (Firm)
|
| 830 |
|
0 |
|a Duncker and Humblot Reprints Series
|
| 856 |
4 |
0 |
|u https://ebookcentral.proquest.com/lib/matrademy/detail.action?docID=7101246
|z Click to View
|